000 00443nam a22001577a 4500
005 20151229120451.0
008 151229b xxu||||| |||| 00| 0 eng d
020 _a9789698455491
040 _cPK-LaUMT
082 _aMSC 652
_bAHT-I
100 _aاحتشام ربانی
245 _aانسان اور معاشرہ
_cاحتشام ربانی
260 _aلاہور
_bجمہوری پبلیکیشنز
_c2010
300 _a352 ص
942 _cBK
999 _c81170
_d81170